| 000 -ლიდერი |
| ფიქსირებული სიგრძის საკონტროლო ველი |
01688nam a22002297a 4500 |
| 003 - საკონტროლო ნომრის იდენტიფიკატორი |
| საკონტროლო ველი |
Ge_BSU |
| 005 - ბოლო ოპერაციის თარიღი და დრო |
| საკონტროლო ველი |
20230123150140.0 |
| 008 - ფიქსირებული სიგრძის მონაცემთა ელემენტები - ზოგადი ინფორმაცია |
| ფიქსირებული სიგრძის საკონტროლო ველი |
230123s2015 ge ||||| |||| 00| 0 geo d |
| 020 ## - წიგნის საერთაშორისო სტანდარტული ნომერი |
| International Standard Book Number |
9789941459535 |
| 041 ## - ენის კოდი |
| Language code of text/sound track or separate title |
geo |
| 080 ## - უნივერსალური ათობითი კლასიფიკაციის ინდექსი |
| Universal Decimal Classification number |
634.424.8(479.22) ს-25 |
| 100 ## - მთავარი ჩანაწერი - პიროვნების სახელი |
| Personal name |
სანთელაძე, ნატალია |
| 9 (RLIN) |
16759 |
| 245 ## - ცნობა სათაურის შესახებ |
| Title |
ფეიჰოას კულტურის (Feijoa sellowiana Berg) აგროსაწარმოო დაჯგუფება იმერეთის რეგიონის ალუვიური ნიადაგების აგროეკოლოგიურ გარემოში : [მონოგრაფია] / |
| Statement of responsibility, etc |
ნატალია სანთელაძე ; რედაქტორი როზა ლორთქიფანიძე ; აკაკი წერეთლის სახელმწიფო უნივერსიტეტი. |
| 264 ## - წარმოების, გამოცემის, დისტრიბუციის და სხვა ცნობები |
| გამოცემის, წარმოების, დისტრიბუციის... ადგილი |
ქუთაისი : |
| გამოცემის, წარმოების, დისტრიბუციის... სახელწოდება |
აკაკი წერეთლის სახელმწ. უნ-ტის გამ-ბა, |
| გამოცემის, წარმოების, დისტრიბუციის... თარიღი |
2015. |
| 300 ## - ფიზიკური აღწერა |
| Extent |
84 გვ. : |
| Other physical details |
ცხრ. ; |
| Dimensions |
20 სმ. |
| 504 ## - BIBLIOGRAPHY, ETC. NOTE |
| Bibliography, etc |
ბიბლიოგრაფია: გვ. 75-80. |
| 653 ## - INDEX TERM--UNCONTROLLED |
| Uncontrolled term |
ფეიჰოას კულტურა საქართველოში. |
| 653 ## - INDEX TERM--UNCONTROLLED |
| Uncontrolled term |
ალუვიური ნიადაგები საქართველოში. |
| 700 ## - ADDED ENTRY--PERSONAL NAME |
| Personal name |
ლორთქიფანიძე, როზა |
| Relator term |
რედაქტორი |
| 9 (RLIN) |
2506 |
| 700 ## - ADDED ENTRY--PERSONAL NAME |
| Personal name |
ქუთაისის აკაკი წერეთლის სახელმწიფო უნივერსიტეტი |
| 9 (RLIN) |
16760 |
| 942 ## - ADDED ENTRY ELEMENTS (KOHA) |
| Source of classification or shelving scheme |
|
| Koha item type |
წიგნი |